Dopad demografických zmien na hospodárenie samospráv diplomová práca

Enregistré dans:
Détails bibliographiques
Auteur principal: Rakytová, Lucia
Collectivité auteur: Národohospodárska fakulta EU. Katedra financií
Autres auteurs: Belkovicsová, Daša, 1982-
Format: Livre
Langue:slovaque
Publié: Bratislava 2025
Tags: Ajouter un tag
Pas de tags, Soyez le premier à ajouter un tag!

MARC

LEADER 00000nbm a2200000 4500
001 0309380
005 20251016131340.8
041 0 |a slo 
044 |a SK 
245 1 0 |a Dopad demografických zmien na hospodárenie samospráv  |b diplomová práca  |c Lucia Rakytová ; školiteľ: Daša Belkovicsová 
264 1 |a Bratislava  |c 2025 
300 |a 67 s. 
100 1 |a Rakytová, Lucia 
700 1 |a Belkovicsová, Daša, 1982- 
710 2 |a Národohospodárska fakulta EU. Katedra financií